| 000 | 00594nam a2200241 a 4500 | ||
|---|---|---|---|
| 001 | 0001-1112 | ||
| 003 | ELIB.Books | ||
| 008 | 150129 2010 eng | ||
| 020 | _a0880709871 | ||
| 035 | _a(ELIB.Books)0001-1267 | ||
| 092 |
_aB _bBut |
||
| 100 | _aBill, Butterworth | ||
| 245 | _aButter Worth Gets His Life Together | ||
| 260 |
_aOrigon _bMultnomah Books _c1996 |
||
| 300 |
_a154 _c23 Cm |
||
| 500 | _aMBAPF | ||
| 650 | _aBiography | ||
| 856 |
_nKBTS: Library _uKBTS: Elib. |
||
| 942 |
_2ddc _cBK |
||
| 990 | _a1 | ||
| 998 |
_cbat _e2015-01-29 |
||
| 999 |
_c11112 _d11112 |
||